00370nam a22001217a 4500020000800000040001600008082001300024100002000037245006600057250002500123260006300148300003700211 qPB. cFIZZA ISHAQ a612bMAR aMarieb, Elaine. aEssentials of Human Anatomy and Physiology /c Elaine Marieb. aIllustrated, 4th ED. aNew York:bBenjamin/Cummings Publishing Company,Incc1194. a216 P. ;c10.88 x 8.63 x 0.78 in